000 00311 a2200133 4500
001 149087
040 _cEscola São Tomás de Aquino
100 _aALBERGARIA , Lino de
240 1 0 _aAmanhã chega o sol
_lpor
245 1 0 _aAmanhã chega o sol
362 0 _a1998
697 _a*LITERATURA INFANTO
942 _cBK
999 _c149087
_d149087